Public Integrity Regimes and Lawyers' Integrity in SADC Countries: Issues and Questions / (Record no. 981)

MARC details
000 -LEADER
fixed length control field 00461nam a22001457a 4500
005 - DATE AND TIME OF INPUT
control field 20231127121147.0
008 - DATA ELEMENTS--GENERAL INFORMATION
fixed length control field 231127b |||||||| |||| 00| 0 eng d
041 ## - LANGUAGE CODE
Language code of text English
082 ## - SHELF NUMBER
DDC number 340.1 PUB
100 ## - MAIN AUTHOR
Language of a work English
245 ## - TITLE STATEMENT
Title Public Integrity Regimes and Lawyers' Integrity in SADC Countries: Issues and Questions /
Statement of responsibility, etc. Kanyongolo, FE
300 ## - PHYSICAL DESCRIPTION
Other physical details 29 pages ;
Dimensions 30,4 cm.
650 ## - SUBJECT`
Broad subject Legal practice
Own subject terms Law
942 ## - ADDED ENTRY ELEMENTS (KOHA)
Item type Books
942 ## - ADDED ENTRY ELEMENTS (KOHA)
-- ALISON_BN_VRIES
Holdings
Source of classification or shelving scheme Not for loan Collection code Home library Current library Shelving location Date acquired Full call number Barcode Price effective from Koha item type
Dewey Decimal Classification   TEXT BOOKS LAW SOCIETY OF NAMIBIA LIBRARY - WINDHOEK LAW SOCIETY OF NAMIBIA LIBRARY - WINDHOEK General Shelf 11/27/2023 340.1 PUB LSN/2009/114 11/27/2023 Books